Hamilton Helpless lyrics - Statistics

General Stats
  • This quiz has been taken 611 times
  • The average score is 392 of 500
Answer Stats
Answer % Correct
he
99%
I
99%
a
97%
do?"
97%
do.
97%
do
97%
helpless.
97%
Helpless
97%
helpless
97%
an
96%
I'm
96%
"I'm
96%
in
96%
the
96%
"Yo,
96%
you
96%
you.
96%
and
95%
And
95%
Ha!
95%
me
95%
me.
95%
me,
95%
to
94%
your
94%
eye
93%
eyes
93%
Look
93%
look
93%
my
93%
My
93%
We
93%
we
93%
on
92%
"Be
91%
for
91%
room
91%
at
90%
got
90%
sister
90%
Boy
88%
boy
88%
into
88%
limit.
88%
One
88%
she
88%
She
88%
sky's
88%
as
87%
then
87%
Then
87%
try
87%
"boom!"
86%
heart
86%
night.
86%
by
85%
have
85%
mine."
85%
mine)
85%
mine.
85%
never
85%
were
85%
"we're
85%
across
84%
went,
84%
so
83%
father
82%
grab
82%
Grab
82%
love
82%
No
82%
him."
81%
that
81%
(That
81%
That
81%
this
81%
week
81%
been
80%
Down
80%
down
80%
every
80%
later,
80%
later
80%
Laughin'
80%
share
80%
drownin'
79%
drownin'.
79%
her
79%
if
79%
Oh,
79%
one's
79%
thinkin',
79%
walked
79%
gonna
78%
hot
78%
just
78%
spotlight.
78%
would
78%
his
77%
of
77%
real
77%
sayin',
77%
way
77%
letter
76%
really
76%
Two
76%
with
76%
count
75%
rebels
75%
she's
75%
stress,
75%
through."
75%
wine
75%
back
74%
dine.
74%
livin'
74%
weeks
74%
blessin'.
73%
dazzlin'
73%
get
73%
loved
73%
tryin'
73%
type
73%
"what's
73%
whisper,
73%
catch
72%
'cause
72%
nervous
72%
ballroom.
71%
some
71%
stressin'.
71%
those
71%
side
70%
write
70%
'em.
69%
'em
69%
form
69%
nightly.
69%
thinking,
69%
top
69%
wants
69%
askin'
68%
not
68%
writin'
68%
makes
67%
you're
67%
arm,
66%
dancin'
66%
hand
66%
suddenly
66%
better
65%
Eliza,
65%
Eliza
65%
from
65%
harem.
65%
is
65%
grabs
64%
gets
63%
revel
63%
true"
63%
volume.
63%
band's
61%
life
61%
Now
61%
made
60%
mind
60%
can't
59%
nothin'
59%
says,
59%
cry
58%
father's
57%
rhythm
57%
there's
57%
second,
56%
shakes
56%
while
56%
Everybody's
55%
But
54%
it
54%
stone-faced
54%
take
50%
dyin'
49%
name,
49%
Tryna
49%
turn
49%
dollar
48%
panic
48%
Angelica
47%
don't
47%
inside
47%
Grind
44%
out
44%
out.
44%
smilin'
44%
acre
42%
All
42%
land,
42%
tried
41%
brain.
40%
command,
40%
Peggy
40%
family
39%
troop
39%
was
39%
we'll
39%
bite
37%
doubt,
37%
face,
37%
fame.
37%
figure
37%
Harlem
37%
I've
36%
mother
36%
little
35%
place
35%
brings
34%
college
34%
confides
34%
couple
33%
credits
33%
died,
33%
pain,
33%
top-notch
33%
left,
32%
up
32%
different
31%
feel
31%
know
31%
tolerance
31%
Insane,
30%
grew
29%
honor,
29%
child.
28%
have's
28%
I'll
28%
without
28%
alive,
27%
since
27%
long
26%
you'll
26%
buckwild.
25%
forget
23%
God
23%
swear
23%
mother's
22%
felt
21%
yeah
20%
dollap
13%
No matching quizzes found
Score Distribution
Percent of People with Each Score
Percentile by Number Answered
Your Score History
You have not taken this quiz